MDQL
is popping MORE tags! Check the
thread
!
Quizzes
Events
Quiz Creation
Community
Videos
Private Events
Remove Ads
Sign In
Join for FREE
Feedback
Dark Mode
Quiz Categories
Sports
Geography
Music
Movies
Television
Just For Fun
Miscellaneous
History
Literature
Language
Science
Gaming
Entertainment
Religion
Holiday
For Kids
Quiz Lab
Recent
Popular Today
Quiz Kudos Today
Editor Picks
Curator Picks
Quizzes by...
Day
Popularity
Type
Ratings
Length
Year
Community
Subscriptions
Recent Discussions
Orange Saloon
Badges
Playlists
Quests
Create
Leaderboards
Showdown
Live 5
Trivia Bingo
Activity
Puzzle Library
Sporcle Events
Private Events
Virtual Trivia
Globe League
Become a Host
Pub Owners
SporcleCon
Opinionation
Our Games
Videos
Blog
Mobile Apps
Partnerships
Remove Ads and Go Orange
Feedback
Sports
Athletes
MLB
NBA
NHL
NFL
Soccer
Sports Teams
WWE
NCAA
Football
Premier League
Basketball
Baseball
Hockey
Golf
Tennis
Cricket
Rugby
Auto Racing
Olympics
World Cup
Sports
Athletes
MLB
NBA
NHL
NFL
Soccer
Sports Teams
WWE
NCAA
Football
Premier League
Basketball
Baseball
Hockey
Golf
Tennis
Cricket
Rugby
Auto Racing
Olympics
World Cup
Random Quiz
Search Sporcle
×
Quiz Lab
Quiz Lab
Sports
race
Type in answers that appear in a list
Type in answers that appear in a list
Classic
Best Score? Go Orange.
1989 NASCAR Winston Cup Winners Stats
Can you name the 1989 Winston Cup Series Winners?
By
Gaimsco
10m
33 Questions
208 Plays
208 Plays
208 Plays
Comments
Comments
Give Quiz Kudos
Give Quiz Kudos
-
- Ratings
hide this ad
Replay
Link that replays current quiz
Next Quiz
Link to next quiz in quiz playlist
You Got
0%
They Got
Avg Score
93%
Avg Friend Score
Upgrade to see
Score Distribution
Jump to the score distribution portion of the page
Score
0/33
Timer
10:00
0
Plays Today
Race
Race Winner
% Correct
First Union 400 (North Wilkesboro)
Dale Earnhardt
99%
Budweiser 500 (Dover)
Dale Earnhardt
99%
Heinz 500 (Darlington)
Dale Earnhardt
99%
Peak 500 (Dover)
Dale Earnhardt
99%
Atlanta Journal 500 (Atlanta)
Dale Earnhardt
99%
Goodwrench 500 (Rockingham)
Rusty Wallace
98.1%
Pontiac 400 (Richmond)
Rusty Wallace
98.1%
ValleyDale 500 (Bristol)
Rusty Wallace
98.1%
The Winston (Charlotte)
Rusty Wallace
98.1%
Bud At Glen (Watkins Glen)
Rusty Wallace
98.1%
Champion 400 (Michigan)
Rusty Wallace
98.1%
Miller High Life 400 (Richmond)
Rusty Wallace
98.1%
Daytona 500 (Daytona)
Darrell Waltrip
97.6%
Motorcraft 500 (Atlanta)
Darrell Waltrip
97.6%
Pannill Sweatshirts 500 (Martinsville)
Darrell Waltrip
97.6%
Coca Cola 600 (Charlotte)
Darrell Waltrip
97.6%
Busch 500 (Bristol)
Darrell Waltrip
97.6%
Race
Race Winner
% Correct
Goody's 500 (Martinsville)
Darrell Waltrip
97.6%
Miller 400 (Michigan)
Bill Elliott
91.8%
AC Spark Plug 500 (Pocono)
Bill Elliott
91.8%
Autoworks 500 (Phoenix)
Bill Elliott
91.8%
Winston 500 (Talladega)
Davey Allison
91.3%
Pepsi 400 (Daytona)
Davey Allison
91.3%
Banquet 300 (Sonoma)
Ricky Rudd
88.9%
AC Delco 500 (Rockingham)
Mark Martin
88%
Twin 125 Race 2 (Daytona)
Terry Labonte
86.1%
Miller High Life 500 (Pocono)
Terry Labonte
86.1%
Diehard 500 (Talladega)
Terry Labonte
86.1%
Holly Farms 400 (North Wilkesboro)
Geoff Bodine
86.1%
TranSouth 500 (Darlington)
Harry Gant
85.6%
Busch Clash (Daytona)
Ken Schrader
79.8%
Twin 125 Race 1 (Daytona)
Ken Schrader
79.8%
All Pro 500 (Charlotte)
Ken Schrader
79.8%
Quiz Playlist
Details
Report
Send in Message
Add To Playlist
Classic:
Type in answers that appear in a list
Quiz Source
Last Updated: Feb 16, 2017
Quiz Scoreboard
CHALLENGE
Sign Up to Join the Scoreboard
Show All
Scores
Hide
Comments
May contain spoilers
Recently Published
Two Season TV Shows II
by 123Four
Television
10m
Image Sorting: Flags VI
by Barbecue
Geography
2m
Find the 'City' Movie
by crazypaving
Movies
60s
More to Explore
Quiz From the Vault
Featured Blog Post
14 Easter Pick-up Lines to Find Eggs With
hide this ad
You Might Also Like...
Tags
1989
cup
Cup Series
race
Winner
Winston
Today's Top Quizzes in Sports
Browse Sports
hide this ad
Today's Top Quizzes in race
Browse race
Top Contributed Quizzes in Sports
1
Les meilleurs buteurs des matchs entre le PSG et l’OM
2
Les entraîneurs de l'OM et du PSG au 21e siècle
3
2022 World Cup Stars
4
Les joueurs passés par le PSG et l'OM
5
Players with Multiple 50 Home Run Seasons
6
FIFA Club World Cup Champions
7
Criteria MLB: Left Handed Sluggers
8
Les joueurs passés par le LOSC et le RC Lens
9
Top 10 NHL Goal Scorers of All Time
10
MLB Players with Two .350 Batting Average Seasons
Explore More
Trending Topics
Kpop
Crossword
NBA
Disney
Anime
Marvel
Harry Potter
Song
Country
WWE
The Office
Puzzle
NFL
Soccer
Pokémon
hide this ad
More By:
Gaimsco
Quiz
Plays
Rating
Category
Featured
Created
1985 NASCAR Winston Cup Winners
1,344
4.59
Sports
Mar 23, 2011
1994 NASCAR Winston Cup Winners
693
4.29
Sports
Dec 13, 2010
NASCAR Sonoma Raceway Winners
642
5.00
Sports
Jun 18, 2010
1993 NASCAR Winston Cup Winners
507
5.00
Sports
Dec 13, 2010
1992 NASCAR Winston Cup Winners
476
4.83
Sports
Dec 13, 2010
Go to Creator's Profile
Score Distribution
Quiz Creator Spotlight
Gaimsco
Follow
Send a Message
Quizzes Created
-
Created Quiz Play Count
-
More By This Creator
Popular Quizzes Today
1
Find the US States - No Outlines Minefield
2
Colored Red Africa Blitz
3
Find the 'City' Movie
4
5x2 Blitz: Bands
5
The Countries of the World
6
Find the Countries of Europe - No Outlines Minefield
7
Find the US States
8
US States
More Sports Quizzes
Premier League: Who Wasn't Relegated?
Quiz Lab
Trending Quizzes
Colored Red Europe Blitz I
Colored Red Africa Blitz II
Colored Red Europe Blitz II
Colored Red Europe Blitz III
Colored Red Africa Blitz III
Recently Updated
How Do You Spell That?
pecheneg
Godzilla Movies
pecheneg
Grab Bag: 4-10 Letters
pecheneg
2024 March Madness Bracket
pecheneg
Famous TV Couples
Peacemaker
Champions League XIs: Real Madrid
pecheneg
Largest US Cities 1790-2010
pecheneg
Rides in Walt Disney World
pecheneg
Most Oscar Losses (Acting)
pecheneg
Beyoncé Albums
pecheneg
Trending Topics
NBA
Harry Potter
Crossword
Kpop
Marvel
Anime
Disney
Puzzle
NFL
Song
Pokémon
The Office
Country
WWE
Soccer
Your Account Isn't Verified!
In order to create a playlist on Sporcle, you need to verify the email address you used during registration. Go to your
Sporcle Settings
to finish the process.
Report this User
Report this user for behavior that violates our
Community Guidelines
.
Details:
Send Report
Go to the Sporcle.com Mobile Site →
Comments